000 00535nam a2200181 a 4500
001 BRCA_7471
005 20190320205841.0
008 160413s2011----ag-a######---#000-0#eng-#
020 _a9780764338861
050 4 _aNK7198.S6
_b.B38 2011
100 1 _aBaum, Sandy
_918390
245 1 0 _aThe William Spratling
_blegacy
_cSandy Baum.
_bSchiffer
_c2011
300 _a167 p.
_bil. a color
_c29 cm.
500 _aIncluye índice alfabético
504 _aBibliografía: p. 166
600 1 4 _aSpratling, William
_d1900-1967
_96126
942 _2lcc
_cB
999 _c7147
_d7147